|
|
|
|
| LEADER |
00000nam0a2200000 4500 |
| 001 |
276085 |
| 005 |
20231101234903.0 |
| 020 |
|
|
|a RU
|b 85-99622
|
| 035 |
|
|
|a (RuTPU)RU\TPU\book\299338
|
| 090 |
|
|
|a 276085
|
| 100 |
|
|
|a 20141119d1985 m y0rusy5003 ca
|
| 101 |
0 |
|
|a rus
|
| 102 |
|
|
|a RU
|
| 105 |
|
|
|a ac z 001zb
|
| 200 |
1 |
|
|a Ким Николаевич Бритов
|f В. А. Десятников
|
| 210 |
|
|
|a Ленинград
|c Художник РСФСР
|d 1985
|
| 215 |
|
|
|a 95 с.
|c ил., портр.
|
| 320 |
|
|
|a Библиогр.: с. 93
|
| 600 |
|
1 |
|a Бритов
|b К. Н.
|c художник
|f 1925-2010
|g Ким Николаевич
|2 stltpush
|3 (RuTPU)RU\TPU\pers\35959
|
| 606 |
1 |
|
|a Живопись
|2 stltpush
|3 (RuTPU)RU\TPU\subj\73461
|9 86457
|
| 610 |
1 |
|
|a пейзажная живопись
|
| 610 |
1 |
|
|a русская живопись
|
| 610 |
1 |
|
|a биографии
|
| 610 |
1 |
|
|a персоналии
|
| 610 |
1 |
|
|a творчество
|
| 610 |
1 |
|
|a искусство
|
| 675 |
|
|
|a 75.071
|z rus
|v 3
|
| 700 |
|
1 |
|a Десятников
|b В. А.
|g Владимир Александрович
|4 070
|
| 801 |
|
0 |
|a RU
|b RuMRKP
|c 19950704
|g psbo
|
| 801 |
|
1 |
|a RU
|b 63413507
|c 20141119
|
| 801 |
|
2 |
|a RU
|b 63413507
|c 20170130
|g RCR
|
| 942 |
|
|
|c BK
|